Short F1 Quiz - Statistics

General Stats
  • This quiz has been taken 201 times
    162 since last reset
  • The average score is 4 of 7
Answer Stats
Question Answer % Correct
Who is only Polish F1 driver? Robert Kubica
92%
Who of them is Otmar Szafnauer?
83%
Who was in BMW Sauber in 2008? Robert Kubica and Nick Heidfeld
69%
In which country F1 wasn't? Vietnam
51%
Who has the most wins? Sebastian Vettel
30%
who has the most average of points for race? Juan Manuel Fangio
23%
Which tyres have the most fastest laps? Goodyear
6%
No matching quizzes found
Score Distribution
Percent of People with Each Score
Percentile by Number Answered
Your Score History
You have not taken this quiz since the last reset